[Event "FRA-chT U20"]
[Site "Pau"]
[Date "2005.12.19"]
[Round "5"]
[White "Pruvot, Louis"]
[Black "Soulagnet, Damien"]
[Result "1-0"]
[WhiteElo "1490"]
[BlackElo "1009"]
[PlyCount "115"]
[EventDate "2005.12.??"]
[EventType "team"]
[EventRounds "11"]
[EventCountry "FRA"]
[SourceTitle "EXT 2007"]
[Source "ChessBase"]
[SourceDate "2006.11.23"]
[SourceVersion "1"]
[SourceVersionDate "2006.11.23"]
[SourceQuality "1"]
[WhiteTeam "Creteil"]
[BlackTeam "Pau"]
[WhiteTeamCountry "FRA"]
[BlackTeamCountry "FRA"]

1. e4 e5 2. Nf3 Nc6 3. d4 f6 4. Bc4 Nge7 5. dxe5 fxe5 6. Nc3 d6 7. Be3 Bg4 8. 0-0 Qd7 9. h3 Bh5 10. Nxe5 0-0-0 11. Nxd7 Bxd1 12. Nxf8 Rhxf8 13. Raxd1 Nb4 14. Bb3 c5 15. a3 Nbc6 16. Rd2 b6 17. Rfd1 Rf6 18. Bg5 Rg6 19. Bf4 Nd4 20. Be3 Nf3+ 21. Kf1 Nxd2+ 22. Rxd2 Rf6 23. Bg5 Rg6 24. Bxe7 Rd7 25. Bh4 Rh6 26. Bg3 Rf6 27. Nb5 a6 28. Nxd6+ Kd8 29. Nc4 b5 30. Rxd7+ Kxd7 31. Ne5+ Ke8 32. Bf7+ Rxf7 33. Nxf7 Kxf7 34. Ke2 Ke6 35. Ke3 c4 36. Kd4 g6 37. Bb8 h5 38. f4 h4 39. Bc7 Kd7 40. Ba5 Ke6 41. Bb4 Kf6 42. Kd5 g5 43. f5 a5 44. Bc5 b4 45. a4 b3 46. c3 g4 47. hxg4 h3 48. gxh3 Kf7 49. e5 Ke8 50. Ke6 Kd8 51. f6 Kc8 52. f7 Kc7 53. f8Q Kb7 54. Qe7+ Kc6 55. Qd6+ Kb7 56. Qb6+ Kc8 57. Qa7 Kd8 58. Qd7# 1-0